| 000 | 00843nam a2200181 a 4500 | ||
|---|---|---|---|
| 001 | 000041734 | ||
| 005 | 20201002035726.0 | ||
| 008 | 131016s1995 sp 000 0 spa d | ||
| 020 | _a8400075439 | ||
| 040 |
_aDO-SdBNP _bspa _cBNPHU |
||
| 100 | 1 |
_aOrtega Monasterio, María Teresa _965574 |
|
| 245 | 1 | 3 |
_aLa Masora Parva del Códice de Profetas del Cairo, : _bCasos let. / _cMaría Teresa Ortega Monasterio. |
| 260 |
_aMadrid : _bInstituto de Filología, Departamento de Filología Bíblica y de Oriente Antiguo, _c1995. |
||
| 300 |
_a216 p. ; _c27 cm. |
||
| 490 | 1 |
_aTextos y estudios "Cardenal Cisneros" de la Biblia Plíglota Matritense ; _v59 |
|
| 710 | 2 |
_aInstituto de Filología, Departamento de Filología Bíblica y de Oriente Antiguo _968576 |
|
| 830 | 0 |
_aTextos y estudios "Cardenal Cisneros" de la Biblia Plíglota Matritense _v59 _968577 |
|
| 999 |
_c41223 _d41223 |
||